| 000 | 00956nam0a2200265 4500 | ||
|---|---|---|---|
| 001 | RU\NLR\ONL1\2656 | ||
| 005 | 20260406072312.0 | ||
| 035 | _a(NLR Aleph) 009631409 | ||
| 090 |
_a9495923 _c9495923 |
||
| 100 | _a20040303d1961 |||y0rusy50 ca | ||
| 101 | 0 | _achm | |
| 102 | _aRU | ||
| 105 | _aa ||||||||| | ||
| 200 | 1 |
_aИзи герой _eПоэма да почеламут-влак _fДмитриев В. Д. |
|
| 210 |
_aЙошкар-Ола _cКн. лукшо марий изд-во _d1961 |
||
| 215 |
_a31 с. _cил. _d22 |
||
| 541 | 1 |
_aМаленький герой _eПоэма стихи _zrus |
|
| 686 | 1 | _aШ9(2)6=Мар-5 | |
| 700 | 1 |
_4070 _8rus _7ca _aДмитриев _bВ. Д. _f1927- _gВалентин Дмитриевич _cмар. писатель _3RU\NLR\auth-onl\7783 _9130143 |
|
| 801 | 0 |
_aRU _bNLR _c20040303 _gPSBO |
|
| 852 |
_aNLR _bОНЛ _jМар.л./3-1525 |
||
| 942 | _cBOOK | ||
| 980 | _aNB | ||